Quality assurance in higher education institutions / (Record no. 143690)

MARC details
000 -LEADER
fixed length control field 00645nam a22001937a 4500
005 - DATE AND TIME OF LATEST TRANSACTION
control field 20170823114117.0
010 ## - LCCN (DPL NO)
LC control number ENG-119985
020 ## - INTERNATIONAL STANDARD BOOK NUMBER
International Standard Book Number 9788192157962
Terms of availability 350.00
035 ## - SYSTEM CONTROL NUMBER
System control number EN-103517
037 ## - SOURCE OF ACQUISITION
Source of stock number/acquisition DBAD/PUB
082 ## - DEWEY DECIMAL CLASSIFICATION NUMBER
Classification number 371.3
245 ## - TITLE STATEMENT
Title Quality assurance in higher education institutions /
Statement of responsibility, etc edited by K. Hanumantha Rao [and] P. Srinivas Subbarao
260 ## - PUBLICATION, DISTRIBUTION, ETC. (IMPRINT)
Place of publication, distribution, etc Delhi
Name of publisher, distributor, etc Paramount Publishing House
Date of publication, distribution, etc 2011
270 ## - ADDRESS
Address C/14, D.S.I.D.C Work Centre, Jhilmil Colony,
City Delhi
Postal code 100095
300 ## - PHYSICAL DESCRIPTION
Extent 176p.
Dimensions 24cm(pbk)
700 ## - ADDED ENTRY--PERSONAL NAME
Personal name Rao, K. Hanumantha
700 ## - ADDED ENTRY--PERSONAL NAME
Personal name Subbarao, P. Srinivas
942 ## - ADDED ENTRY ELEMENTS (KOHA)
Source of classification or shelving scheme Dewey Decimal Classification
Item type English Books
Classification part 371.3
Call number suffix QUA
Holdings
Withdrawn status Lost status Not for loan Collection code Home library Current library Date acquired Source of acquisition Cost, normal purchase price Full call number Barcode Copy number Cost, replacement price Koha item type
    Not For Loan Non-fiction D.B.Act.Division D.B.Act.Division 23/08/2017 DBAD/PUB 350.00 371.3 QUA EN-103517 1 350.00 English Books

© Delhi Public Library
Hit Counter
free hit counter